[Event "Las Vegas National op"]
[Site "Las Vegas"]
[Date "2023.06.18"]
[Round "9"]
[White "Lee, Megan Shuen Hui"]
[Black "Coyne, Theodore"]
[Result "1/2-1/2"]
[WhiteElo "2261"]
[BlackElo "2021"]
[PlyCount "154"]
[EventDate "2023.06.14"]
[EventType "swiss"]
[EventRounds "9"]
[EventCountry "USA"]
[SourceTitle "CBM 214 Extra"]
[Source "ChessBase"]
[SourceDate "2023.07.31"]
[SourceVersion "1"]
[SourceVersionDate "2023.07.31"]
[SourceQuality "1"]

1. e4 e5 2. Nf3 Nc6 3. Bc4 Bc5 4. c3 Nf6 5. d3 0-0 6. 0-0 d5 7. exd5 Nxd5 8. Re1 Bg4 9. Nbd2 Nb6 10. h3 Bh5 11. Bb3 Qxd3 12. Nxe5 Qf5 13. Nef3 Rad8 14. Qe2 Nd5 15. Ne4 Bxf3 16. Qxf3 Qxf3 17. gxf3 Bb6 18. a4 h6 19. Rd1 Nde7 20. Bf4 a5 21. Kf1 Ng6 22. Be3 Bxe3 23. fxe3 b6 24. Ke2 Rfe8 25. Bd5 Nge7 26. Bxc6 Nxc6 27. Rxd8 Rxd8 28. f4 f5 29. Nd2 Kf7 30. Nf3 Kf6 31. h4 g6 32. Rc1 Ne7 33. c4 c5 34. Ne5 Rd6 35. Nf3 h5 36. Nd2 Kf7 37. Nb1 Ng8 38. Nc3 Nf6 39. Ra1 Ke7 40. Ra3 Kf7 41. Rb3 Ke6 42. Kf3 Nd7 43. Nd5 Rc6 44. Ke2 Rd6 45. Nc3 Nf6 46. Ke1 Kf7 47. Nd5 Nd7 48. Ke2 Ke6 49. Nc7+ Ke7 50. Nb5 Re6 51. Rd3 Rc6 52. Kf3 Nf6 53. Rd1 Ne4 54. Rd3 Rc8 55. Nc3 Nxc3 56. Rxc3 Rd8 57. e4 fxe4+ 58. Kxe4 Kf6 59. Rb3 Rd4+ 60. Ke3 Rd6 61. Kf3 Kf5 62. Re3 Rd2 63. Re5+ Kf6 64. Re2 Rd1 65. Re8 Rb1 66. Re2 Rc1 67. b3 Rh1 68. Kg3 Rg1+ 69. Kf3 Rg4 70. Rd2 Ke6 71. Re2+ Kf6 72. Rd2 Ke6 73. Rg2 Rxg2 74. Kxg2 Kf5 75. Kf3 Kf6 76. Kf2 Ke6 77. Ke3 Kf5 1/2-1/2